| 000 | 00390nam a2200169Ia 4500 | ||
|---|---|---|---|
| 008 | 210210b2013 xxu||||| |||| 00| 0 eng d | ||
| 020 | _a9780415290142 | ||
| 041 | _aeng | ||
| 082 | _a801.959 MILD | ||
| 100 | _aMILLS (Sara) | ||
| 245 | _aDiscourse | ||
| 260 |
_aLondon _bRoutledge _c2013 |
||
| 300 | _avi,168 | ||
| 650 | _aDiscourse | ||
| 690 | _aLiterary Criticism | ||
| 906 | _a071990 | ||
| 999 |
_c121809 _d121809 |
||